000 00724nam a2200265Ia 4500
005 20260302120025.0
008 008 260114s9999 xx 000 0 eng d
020 _a9781782258223
037 _aTextbook
040 _aCRL
040 _beng
040 _cCRL
041 _2eng
041 _aeng
084 _qCRL
100 _aSanam Saidova
_91123391
245 0 _aSecurity Interests under the Cape Town Convention on International Interests in Mobile Equipment
260 _bBloomsbury
260 _bHart Publishing
260 _c2018
650 _aLaw
856 _uhttps://dx.doi.org/10.5040/9781782258223?locatt=label:secondary_bloomsburyCollections
942 _cEBOOK
999 _c1688293
_d1688293